জোবায়ের’স GK / (Record no. 14057)
[ view plain ]
| 000 -LEADER | |
|---|---|
| fixed length control field | 00729nam a2200229 a 4500 |
| 003 - CONTROL NUMBER IDENTIFIER | |
| JCCL marc code | BD-JhCC |
| 005 - DATE AND TIME OF LATEST TRANSACTION | |
| control field | 20240624082034.0 |
| 008 - FIXED-LENGTH DATA ELEMENTS--GENERAL INFORMATION | |
| fixed length control field | 210310b20152023b a|||| ||a| 000 0 b d |
| 035 ## - SYSTEM CONTROL NUMBER | |
| system control number | (BD-JhCC) |
| 040 ## - CATALOGING SOURCE | |
| Original cataloging agency | BD-JhCC |
| Modifying agency | BD-JhCC |
| 041 ## - LANGUAGE CODE | |
| Language code of Book | ben |
| 082 ## - DEWEY DECIMAL CLASSIFICATION NUMBER | |
| Classification number | 032.02 |
| Author mark and Year | AHM 2023 |
| 100 ## - MAIN ENTRY--PERSONAL NAME | |
| Personal name | আহমেদ, জোবায়ের |
| 245 ## - TITLE STATEMENT | |
| Title | জোবায়ের’স GK / |
| Remainder of title | সাধারণ জ্ঞান |
| Statement of responsibility, etc | জোবায়ের আহমেদ |
| 260 ## - PUBLICATION, DISTRIBUTION, ETC. (IMPRINT) | |
| Place of publication, distribution, etc | ঢাকা : |
| Name of publisher, distributor, etc | আর্টস পাবলিকেশন্স; |
| Date of publication, distribution, etc | ২০২৩. |
| 300 ## - PHYSICAL DESCRIPTION | |
| Pagination | 887 p. : |
| Dimensions | 22 cm. |
| 650 ## - SUBJECT ADDED ENTRY--TOPICAL TERM | |
| Topical term or geographic name as entry element | General Knowledge |
| 650 ## - SUBJECT ADDED ENTRY--TOPICAL TERM | |
| Topical term or geographic name as entry element | Science |
| 650 ## - SUBJECT ADDED ENTRY--TOPICAL TERM | |
| Topical term or geographic name as entry element | General Knowledge |
| 942 ## - ADDED ENTRY ELEMENTS (KOHA) | |
| Source of classification or shelving scheme | Dewey Decimal Classification |
| Koha item type | Books |
| Source of classification or shelving scheme | Damaged status | Not for loan | Home library | Current library | Shelving location | Date of accession | Cost, normal purchase price | Total Checkouts | Full call number | Barcode | Checked out | Date last seen | Date checked out | Copy number | Method of acquisition | Koha item type | Currency |
|---|---|---|---|---|---|---|---|---|---|---|---|---|---|---|---|---|---|
| Dewey Decimal Classification | JCC Rouf Library | JCC Rouf Library | General Stacks | 480.00 | 6 | 032.02 AHM 2023 | 19671 | 09/29/2025 | 08/25/2025 | 08/25/2025 | C-1 | Purchase | Books | BDT | |||
| Dewey Decimal Classification | JCC Rouf Library | JCC Rouf Library | General Stacks | 480.00 | 7 | 032.02 AHM 2023 | 19672 | 12/21/2024 | 11/25/2024 | 11/25/2024 | C-2 | Purchase | Books | BDT | |||
| Dewey Decimal Classification | JCC Rouf Library | JCC Rouf Library | General Stacks | 480.00 | 1 | 032.02 AHM 2023 | 19670 | 08/07/2024 | 07/03/2024 | 07/03/2024 | C-3 | Purchase | Books | BDT |